Electronic devices and circuits / (Record no. 175676)

000 -LEADER
fixed length control field 00711 a2200241 4500
003 - CONTROL NUMBER IDENTIFIER
control field Nust
005 - DATE AND TIME OF LATEST TRANSACTION
control field 20170207152508.0
010 ## - LIBRARY OF CONGRESS CONTROL NUMBER
LC control number 2007390742
020 ## - INTERNATIONAL STANDARD BOOK NUMBER
International Standard Book Number 8120323580
035 ## - SYSTEM CONTROL NUMBER
System control number (CStRLIN)CSUGA5750033-B
040 ## - CATALOGING SOURCE
Transcribing agency Nust
082 00 - DEWEY DECIMAL CLASSIFICATION NUMBER
Classification number 621.3815
100 1# - MAIN ENTRY--PERSONAL NAME
Personal name Bell, David A.,
245 10 - TITLE STATEMENT
Title Electronic devices and circuits /
Statement of responsibility, etc. David A. Bell.
250 ## - EDITION STATEMENT
Edition statement 4th ed.
260 ## - PUBLICATION, DISTRIBUTION, ETC.
Place of publication, distribution, etc. Sarnia, ON :
Name of publisher, distributor, etc. D.A. Bell,
Date of publication, distribution, etc. c1999.
300 ## - PHYSICAL DESCRIPTION
Extent xii, 796 p. :
Other physical details ill. ;
Dimensions 29 cm.
500 ## - GENERAL NOTE
General note Includes index.
650 #0 - SUBJECT ADDED ENTRY--TOPICAL TERM
Topical term or geographic name entry element Electronic apparatus and appliances.
650 #0 - SUBJECT ADDED ENTRY--TOPICAL TERM
Topical term or geographic name entry element Electronic circuits.
650 #0 - SUBJECT ADDED ENTRY--TOPICAL TERM
Topical term or geographic name entry element Semiconductors.
856 41 - ELECTRONIC LOCATION AND ACCESS
Materials specified Table of contents only
Uniform Resource Identifier <a href="http://www.loc.gov/catdir/enhancements/fy0907/2007390742-t.html">http://www.loc.gov/catdir/enhancements/fy0907/2007390742-t.html</a>
942 ## - ADDED ENTRY ELEMENTS (KOHA)
Koha item type Reference
Holdings
Withdrawn status Lost status Source of classification or shelving scheme Damaged status Not for loan Collection code Permanent Location Current Location Date acquired Total Checkouts Full call number Barcode Date last seen Price effective from Koha item type
            Military College of Signals (MCS) Military College of Signals (MCS) 12/12/2016   621.3815 BEL MCS32848 12/08/2016 12/12/2016 Book
© 2023 Central Library, National University of Sciences and Technology. All Rights Reserved.